|
|
|
|
| LEADER |
00912cam a2200265 7i4500 |
| 001 |
0000035271 |
| 005 |
20200603090000.0 |
| 008 |
110314 eng |
| 020 |
|
|
|a 0766859924 (pbk.)
|
| 020 |
|
|
|a 9780766859920
|
| 040 |
|
|
|a DLC
|
| 090 |
0 |
0 |
|a RC954
|b .C67 2005
|
| 100 |
1 |
|
|a Comer, Sheree
|
| 245 |
1 |
0 |
|a Delmar's geriatric nursing care plans
|c Sheree Comer.
|
| 250 |
|
|
|a 3rd ed.
|
| 260 |
|
|
|a Australia:
|b Delmar Learning,
|c 2005.
|
| 300 |
|
|
|a xv, 335 p.:
|b ill.;
|c 28 cm..
|
| 501 |
|
|
|a With CD-ROM : Delmar's geriatric nursing care plans / Sheree Comer
|
| 504 |
|
|
|a Includes bibliographical references and index
|
| 650 |
0 |
0 |
|a Geriatric nursing
|
| 650 |
0 |
0 |
|a Nursing care plans
|
| 997 |
|
|
|a Health Sciences, Faculty
|
| 998 |
|
|
|a Nursing, Diploma
|
| 999 |
|
|
|a 0000048496
|b BOK
|c OPEN SHELF
|e 1st Floor, Shah Alam
|
| 999 |
|
|
|a CDR0001838
|b CD-ROM
|c OPEN SHELF
|e Circulation Counter, Shah Alam
|